[Event "IND-ch Challengers 50th"]
[White "Nirmal, EP."]
[Black "Satyapragyan, Swayangsu"]
[Site "Tirupati"]
[Round "3.2"]
[Result "1/2-1/2"]
[Date "2012.05.19"]
[WhiteElo "2264"]
[BlackElo "2451"]
[PlyCount "50"]
[EventDate "2012.05.18"]
[EventType "swiss"]
[EventRounds "13"]
[EventCountry "IND"]
[SourceTitle "CBM 148 Extra"]
[Source "ChessBase"]
[SourceDate "2012.06.22"]
[SourceVersion "1"]
[SourceVersionDate "2012.06.22"]
[SourceQuality "1"]

1. Nf3 e6 2. g3 d5 3. Bg2 c5 4. 0-0 Nc6 5. d4 cxd4 6. Nxd4 Bc5 7. Nb3 Bb6 8. Nc3 Nge7 9. e4 d4 10. Na4 e5 11. Nac5 a5 12. Nd3 a4 13. Nd2 Bc7 14. f4 exf4 15. gxf4 0-0 16. f5 f6 17. Qh5 Qe8 18. Qxe8 Rxe8 19. Nf3 g6 20. fxg6 Nxg6 21. Bh6 Ra5 22. Rae1 Be6 23. a3 Bc4 24. Rf2 Rh5 25. Bd2 Kg7 1/2-1/2

[Event "IND-chT 31st"]
[White "Gokhale, Chandrashekhar"]
[Black "Nirmal, EP."]
[Site "Cochin"]
[Round "4"]
[Result "1/2-1/2"]
[Date "2011.02.24"]
[WhiteElo "2289"]
[BlackElo "2253"]
[PlyCount "81"]
[EventDate "2011.02.22"]
[EventType "team-swiss"]
[EventRounds "9"]
[EventCountry "IND"]
[SourceTitle "CBM 141 Extra"]
[Source "ChessBase"]
[SourceDate "2011.05.03"]
[SourceVersion "1"]
[SourceVersionDate "2011.05.03"]
[SourceQuality "1"]
[WhiteTeam "AIR India"]
[BlackTeam "Kerala State"]
[WhiteTeamCountry "IND"]
[BlackTeamCountry "IND"]

1. Nf3 c5 2. g3 Nc6 3. Bg2 g6 4. 0-0 Bg7 5. c4 Nf6 6. Nc3 0-0 7. d3 d6 8. Ne1 Bd7 9. Nc2 a6 10. Rb1 Qc8 11. b4 Bh3 12. bxc5 Bxg2 13. Kxg2 dxc5 14. Ne3 e6 15. Kg1 Nd4 16. a4 Qc7 17. Ng2 Nd7 18. Bf4 Qc6 19. a5 Nf3+ 20. exf3 Bxc3 21. Qb3 Bb4 22. d4 b6 23. d5 exd5 24. cxd5 Qf6 25. axb6 Nxb6 26. Ne3 h5 27. Bc7 a5 28. d6 a4 29. Qd1 Nd7 30. Nd5 Qg7 31. Nxb4 cxb4 32. Rxb4 a3 33. Qa1 Ra6 34. Qxg7+ Kxg7 35. Ra1 a2 36. Rb2 Rfa8 37. Rd2 Kf6 38. f4 Ke6 39. Re1+ Kf6 40. Ra1 Ke6 41. Re1+ 1/2-1/2

[Event "Mumbai Mayors Cup 2nd"]
[White "Nirmal, EP."]
[Black "Areshchenko, Alexander"]
[Site "Mumbai"]
[Round "3"]
[Result "0-1"]
[Date "2009.05.03"]
[WhiteElo "2281"]
[BlackElo "2657"]
[PlyCount "80"]
[EventDate "2009.05.01"]
[EventType "swiss"]
[EventRounds "11"]
[EventCountry "IND"]
[SourceTitle "CBM 130 Extra"]
[Source "ChessBase"]
[SourceDate "2009.07.02"]
[SourceVersion "2"]
[SourceVersionDate "2009.07.15"]
[SourceQuality "1"]

1. e4 c5 2. c3 d6 3. d4 Nf6 4. Bd3 Qc7 5. Nf3 Nc6 6. 0-0 Bg4 7. Be3 e6 8. Nbd2 Be7 9. Rc1 0-0 10. h3 Bh5 11. b4 Nd7 12. a3 a6 13. g4 Bg6 14. Bf4 e5 15. Bg3 Rfc8 16. bxc5 dxc5 17. Nc4 b5 18. Ncxe5 Ndxe5 19. Nxe5 Nxe5 20. Bxe5 Qb7 21. Qe2 c4 22. Bb1 Bxa3 23. Rcd1 Re8 24. Rfe1 a5 25. Bg3 Rad8 26. Kh2 b4 27. f4 f6 28. f5 Bf7 29. g5 fxg5 30. e5 Bd5 31. Rf1 bxc3 32. Bc2 Rb8 33. e6 Qe7 34. Rb1 Rb2 35. Rxb2 cxb2 36. Be5 Qb7 37. Qe3 Be7 38. Qc3 a4 39. Qa5 Ra8 40. Qe1 a3 0-1

[Event "Asia Cities-ch 15th"]
[White "Nirmal, EP."]
[Black "Antonio, Rogelio Jr"]
[Site "Tehran"]
[Round "7.3"]
[Result "0-1"]
[Date "2007.03.06"]
[WhiteElo "2203"]
[BlackElo "2551"]
[PlyCount "58"]
[EventDate "2007.03.02"]
[EventType "team-swiss"]
[EventRounds "9"]
[EventCountry "IRI"]
[SourceTitle "EXT 2020"]
[Source "ChessBase"]
[SourceDate "2019.10.17"]
[SourceVersion "1"]
[SourceVersionDate "2019.10.17"]
[SourceQuality "1"]
[WhiteTeam "Kozhikode"]
[BlackTeam "Tagaytay"]
[WhiteTeamCountry "IND"]
[BlackTeamCountry "PHI"]

1. e4 c6 2. d4 d5 3. exd5 cxd5 4. Bd3 Nc6 5. c3 Qc7 6. Bg5 Nf6 7. Qb3 e6 8. Nd2 Bd6 9. Ngf3 Nh5 10. 0-0-0 h6 11. Be3 Bd7 12. Kb1 Nf4 13. Bf1 Na5 14. Qc2 b5 15. Ne5 Bxe5 16. dxe5 Ng6 17. f4 Nc4 18. Nxc4 bxc4 19. Qf2 Rc8 20. g4 0-0 21. Bd4 f6 22. exf6 Qxf4 23. Qc2 e5 24. Qxg6 Rxf6 25. Qc2 Bxg4 26. Qg2 Bf3 27. Qh3 Rcf8 28. Bc5 Bxd1 29. Bxf8 Bg4 0-1

[Event "Asia Cities-ch 15th"]
[White "Ghader Pour, Shayesteh"]
[Black "Nirmal, EP."]
[Site "Tehran"]
[Round "4.8"]
[Result "1-0"]
[Date "2007.03.04"]
[WhiteElo "2134"]
[BlackElo "2203"]
[PlyCount "76"]
[EventDate "2007.03.02"]
[EventType "team-swiss"]
[EventRounds "9"]
[EventCountry "IRI"]
[SourceTitle "EXT 2020"]
[Source "ChessBase"]
[SourceDate "2019.10.17"]
[SourceVersion "1"]
[SourceVersionDate "2019.10.17"]
[SourceQuality "1"]
[WhiteTeam "Tehran Banvan"]
[BlackTeam "Kozhikode"]
[WhiteTeamCountry "IRI"]
[BlackTeamCountry "IND"]

1. e4 c5 2. c3 d5 3. exd5 Qxd5 4. d4 Nf6 5. Be3 cxd4 6. cxd4 g6 7. Nc3 Qa5 8. Nf3 Bg7 9. Bc4 0-0 10. h3 Nbd7 11. 0-0 Nb6 12. Bb3 Nbd5 13. Rc1 Nxe3 14. fxe3 Bh6 15. Qe1 Qb6 16. Kh1 Be6 17. Qh4 Bxe3 18. Rce1 Bxb3 19. axb3 Qa6 20. Nd1 Bc1 21. Rf2 h5 22. Rxe7 Bh6 23. Ne5 Bg7 24. Ne3 Rae8 25. Rc7 Qb6 26. Rc3 Rd8 27. Rd3 Nd5 28. N3c4 Qe6 29. g4 b5 30. Nd2 Bxe5 31. dxe5 Qxe5 32. gxh5 g5 33. Nf3 gxh4 34. Nxe5 Ne7 35. Rxd8 Rxd8 36. Rxf7 Re8 37. h6 Kh8 38. Rxe7 Rg8 1-0